[Event "103rd Marshall Chess Club Championship"]
[Site "ChessKast.com"]
[Date "2019.11.17"]
[Round "8"]
[White "GM DJURABEK KHAMRAKULOV"]
[Black "GM MARK PARAGUA"]
[Result "1/2-1/2"]
[WhiteElo "2515"]
[BlackElo "2496"]
[PlyCount "62"]
[EventDate "2019.??.??"]

1. Nf3 Nf6 2. c4 e6 3. Nc3 c5 4. e3 Nc6 5. d4 d5 6. a3 dxc4 7. Bxc4 a6 8. d5
exd5 9. Nxd5 Be6 10. Nxf6+ Qxf6 11. Qc2 Bxc4 12. Qxc4 Bd6 13. Qe4+ Qe7 14.
Qxe7+ Kxe7 15. Bd2 Rhd8 16. Ke2 f6 17. Rhd1 Rd7 18. Bc3 Rad8 19. g4 Ke6 20. h3
Bc7 21. Nd2 Be5 22. Bxe5 Nxe5 23. Ne4 b6 24. Rxd7 Rxd7 25. Rc1 Kd5 26. f3 a5
27. b3 Ke6 28. a4 Nc6 29. Nd2 Kd6 30. Nc4+ Kc7 31. f4 Ne7 1/2-1/2

[Event "103rd Marshall Chess Club Championship"]
[Site "ChessKast.com"]
[Date "2019.11.18"]
[Round "9"]
[White "IM RAVEN M STURT"]
[Black "GM LEONID G YUDASIN"]
[Result "1-0"]
[WhiteElo "2470"]
[BlackElo "2507"]
[PlyCount "63"]
[EventDate "2019.??.??"]

1. e4 c6 2. Nf3 d5 3. Nc3 Bg4 4. h3 Bxf3 5. Qxf3 e6 6. d3 Nf6 7. Be2 Bd6 8. g3
Nbd7 9. O-O Qc7 10. Qg2 O-O-O 11. f4 dxe4 12. dxe4 e5 13. f5 Kb8 14. Rb1 Bc5+
15. Kh1 Bd4 16. Nd1 Ka8 17. c3 Bb6 18. b4 c5 19. a3 cxb4 20. axb4 Nb8 21. c4
Bd4 22. Ne3 Bxe3 23. Bxe3 Nc6 24. Ra1 Nd4 25. Bd3 a6 26. Ra3 Kb8 27. Rfa1 h6
28. b5 Rd6 29. Qb2 Rc8 30. bxa6 b6 31. c5 Qxc5 32. Rc1 1-0

[Event "103rd Marshall Chess Club Championship"]
[Site "ChessKast.com"]
[Date "2019.11.18"]
[Round "9"]
[White "IM KASSA KORLEY"]
[Black "GM DJURABEK KHAMRAKULOV"]
[Result "1/2-1/2"]
[WhiteElo "2433"]
[BlackElo "2515"]
[PlyCount "77"]
[EventDate "2019.??.??"]

1. d4 Nf6 2. c4 e6 3. Nc3 Bb4 4. Qc2 c5 5. dxc5 O-O 6. a3 Bxc5 7. Nf3 Qb6 8. e3
Be7 9. b4 d6 10. Bd3 Nbd7 11. O-O a6 12. h3 Qc7 13. e4 b6 14. Bb2 Bb7 15. Rac1
Rac8 16. Qd2 Rfd8 17. Qe3 Bf8 18. Rfd1 Be7 19. Bf1 Qb8 20. Re1 Bf8 21. Nd2 Bc6
22. f4 Qa8 23. Nf3 g6 24. Nd4 Bb7 25. e5 dxe5 26. fxe5 Ne8 27. Ne4 Bg7 28. Ng5
Nc7 29. Qf4 Rf8 30. Ndf3 h6 31. Ne4 Bxe4 32. Rxe4 b5 33. c5 Rcd8 34. Rd4 Nd5
35. Qe4 Nb8 36. Rcd1 Nc6 37. R4d2 Qb8 38. Qe2 Rd7 39. Re1 1/2-1/2

[Event "103rd Marshall Chess Club Championship"]
[Site "ChessKast.com"]
[Date "2019.11.18"]
[Round "9"]
[White "GM HEDINN STEINGRIMSSON"]
[Black "GM OLIVER AQUINO BARBOSA"]
[Result "1/2-1/2"]
[WhiteElo "2548"]
[BlackElo "2532"]
[PlyCount "60"]
[EventDate "2019.??.??"]

1. d4 d5 2. c4 c6 3. Nf3 Nf6 4. e3 Bg4 5. h3 Bxf3 6. Qxf3 e6 7. Bd3 Nbd7 8. Nc3
Bd6 9. O-O O-O 10. Rd1 Re8 11. Qe2 Qe7 12. e4 dxe4 13. Nxe4 Nxe4 14. Qxe4 Nf6
15. Qh4 h6 16. Re1 Rad8 17. Bxh6 gxh6 18. Qxh6 Bc7 19. Qg5+ Kf8 20. Qh6+ Kg8
21. Re3 Rxd4 22. Qg5+ Kf8 23. Qh6+ Kg8 24. Rg3+ Bxg3 25. Qg5+ Kf8 26. Qh6+ Kg8
27. Qg5+ Kf8 28. Qh6+ Kg8 29. Qg5+ Kf8 30. Qh6+ Kg8 1/2-1/2

[Event "103rd Marshall Chess Club Championship"]
[Site "ChessKast.com"]
[Date "2019.11.18"]
[Round "10"]
[White "GM MARK PARAGUA"]
[Black "GM DJURABEK KHAMRAKULOV"]
[Result "0-1"]
[WhiteElo "2496"]
[BlackElo "2515"]
[PlyCount "82"]
[EventDate "2019.??.??"]

1. d4 Nf6 2. Bg5 Ne4 3. Bf4 d5 4. e3 e6 5. Bd3 Nf6 6. Nd2 Bd6 7. Bg3 c5 8. c3
Nc6 9. Ngf3 O-O 10. e4 dxe4 11. Nxe4 Nxe4 12. Bxe4 cxd4 13. Bxc6 bxc6 14. Qxd4
Be7 15. O-O Qb6 16. Ne5 Qxd4 17. cxd4 Bb7 18. Rac1 Rac8 19. f3 Rfd8 20. Rfd1 c5
21. Bf2 cxd4 22. Rxc8 Rxc8 23. Kf1 f6 24. Nd3 Ba6 25. Ke2 e5 26. Kd2 Bd8 27.
Re1 Ba5+ 28. b4 Bxd3 29. bxa5 Rc2+ 30. Kxd3 Rxf2 31. a4 Ra2 32. Rb1 Rxa4 33.
Rb8+ Kf7 34. Rb7+ Kg6 35. Rxa7 Ra3+ 36. Ke2 Ra2+ 37. Kf1 f5 38. Ra6+ Kg5 39.
Ra7 Kf4 40. h4 Ke3 41. Kg1 d3 0-1

[Event "103rd Marshall Chess Club Championship"]
[Site "ChessKast.com"]
[Date "2019.11.18"]
[Round "11"]
[White "IM HANS MOKE NIEMANN"]
[Black "GM MARK PARAGUA"]
[Result "1-0"]
[WhiteElo "2439"]
[BlackElo "2496"]
[PlyCount "104"]
[EventDate "2019.??.??"]

1. Nf3 Nf6 2. g3 g6 3. Bg2 Bg7 4. O-O O-O 5. c4 d6 6. d4 Nc6 7. Nc3 Bg4 8. d5
Bxf3 9. exf3 Na5 10. Qa4 c5 11. dxc6 Nxc6 12. f4 Nd7 13. Be3 Nb6 14. Qb5 Nd4
15. Bxd4 Bxd4 16. Ne2 Bg7 17. Rac1 Rc8 18. Bxb7 Rb8 19. Qa6 Qc7 20. Bf3 Bxb2
21. Rc2 Bg7 22. Nc3 Bxc3 23. Rxc3 Rfc8 24. Rfc1 Qd7 25. c5 dxc5 26. Rxc5 e6 27.
Rxc8+ Nxc8 28. Qa5 Nb6 29. Rd1 Qc7 30. Kg2 Kg7 31. h4 Rc8 32. h5 Nd7 33. Qb4
Nf6 34. Qd4 Qe7 35. h6+ Kg8 36. g4 Ne8 37. g5 Rb8 38. Qd7 Qb4 39. Rd4 Qb6 40.
Rc4 Qd6 41. Qxd6 Nxd6 42. Rc7 Nb5 43. Rd7 Kf8 44. a4 Nc3 45. Rxa7 Rb4 46. a5
Rxf4 47. a6 Rf5 48. Ra8+ Ke7 49. a7 Rxg5+ 50. Kf1 Ra5 51. Rc8 Rxa7 52. Rxc3 Kf6
1-0

[Event "103rd Marshall Chess Club Championship"]
[Site "ChessKast.com"]
[Date "2019.11.18"]
[Round "12"]
[White "IM HANS MOKE NIEMANN"]
[Black "GM DJURABEK KHAMRAKULOV"]
[Result "0-1"]
[WhiteElo "2439"]
[BlackElo "2515"]
[PlyCount "78"]
[EventDate "2019.??.??"]

1. Nf3 Nf6 2. c4 e6 3. g3 d5 4. Bg2 Be7 5. O-O O-O 6. b3 b6 7. e3 Bb7 8. Bb2 c5
9. Qe2 Nc6 10. d3 Rc8 11. Nc3 Qc7 12. e4 d4 13. Nd1 Nd7 14. Nd2 e5 15. Bh3 Rce8
16. Bc1 Bd6 17. Nf3 Be7 18. Kh1 Bc8 19. Ng1 Qd8 20. f4 exf4 21. gxf4 Bd6 22.
Qg2 Kh8 23. e5 Ncxe5 24. fxe5 Bxe5 25. Nf2 f5 26. Bg5 Qc7 27. Rae1 Bb7 28. Nf3
h6 29. Bc1 g5 30. Rg1 g4 31. Nxg4 fxg4 32. Bxg4 Qc6 33. Re4 Nf6 34. Nxe5 Rxe5
35. Bf3 Rg8 36. Qxg8+ Nxg8 37. Rxg8+ Kxg8 38. Rg4+ Kh7 39. Bxc6 Bxc6+ 0-1

[Event "103rd Marshall Chess Club Championship"]
[Site "ChessKast.com"]
[Date "2019.11.18"]
[Round "13"]
[White "GM DJURABEK KHAMRAKULOV"]
[Black "GM MARK PARAGUA"]
[Result "1/2-1/2"]
[WhiteElo "2515"]
[BlackElo "2496"]
[PlyCount "110"]
[EventDate "2019.??.??"]

1. e4 c5 2. c3 Nf6 3. e5 Nd5 4. d4 cxd4 5. Nf3 Nc6 6. cxd4 d6 7. Bc4 Nb6 8. Bb5
d5 9. Nc3 Bg4 10. h3 Bxf3 11. Qxf3 e6 12. O-O Rc8 13. Be3 a6 14. Bxc6+ Rxc6 15.
Rac1 Be7 16. Qg3 g6 17. Bh6 Qc7 18. Ne2 Rg8 19. Qd3 Kd7 20. Qf3 Ke8 21. Qd3 Nc4
22. b3 Na5 23. Bd2 Rxc1 24. Rxc1 Nc6 25. Nc3 Qb6 26. Be3 Kd7 27. Na4 Qb5 28.
Qd1 Rc8 29. Kh2 b6 30. Qg4 Nd8 31. Rxc8 Kxc8 32. Qf4 h5 33. Qf3 Kb7 34. g4 hxg4
35. hxg4 Qd3 36. Kg2 Qc2 37. Bf4 Qxa2 38. Qe3 b5 39. Nc5+ Bxc5 40. dxc5 Nc6 41.
Qh3 Qc2 42. Qh7 Nd8 43. Bg5 Qe4+ 44. Kf1 Qd3+ 45. Kg2 Qe4+ 46. Kf1 Kc8 47. Qh8
Qb1+ 48. Kg2 Qe4+ 49. Kg3 Kb7 50. Bxd8 Qd3+ 51. f3 Qe3 52. Bf6 Qe1+ 53. Kg2
Qe2+ 54. Kg3 Qe1+ 55. Kg2 Qe2+ 1/2-1/2

[Event "103rd Marshall Chess Club Championship"]
[Site "ChessKast.com"]
[Date "2019.11.18"]
[Round "14"]
[White "GM MARK PARAGUA"]
[Black "IM HANS MOKE NIEMANN"]
[Result "1-0"]
[WhiteElo "2496"]
[BlackElo "2439"]
[PlyCount "57"]
[EventDate "2019.??.??"]

1. e4 c5 2. Nf3 Nc6 3. d3 e5 4. g3 g6 5. Bg2 Bg7 6. O-O Nge7 7. c3 O-O 8. a3 a5
9. a4 d5 10. Nbd2 h6 11. exd5 Nxd5 12. Nc4 Bf5 13. Re1 Re8 14. Qb3 Bxd3 15.
Nfd2 e4 16. Nxe4 f5 17. Ne3 c4 18. Qxb7 Bxe4 19. Bxe4 Rxe4 20. Qxc6 f4 21. Rd1
fxe3 22. Bxe3 Re5 23. Bd4 Rc8 24. Qxg6 Qg5 25. Qa6 Ree8 26. Bxg7 Kxg7 27. h4
Qe5 28. Qxa5 Rf8 29. Qxd5 1-0